| 000 | 00492nam a2200193Ia 4500 | ||
|---|---|---|---|
| 003 | 0100 | ||
| 008 | 130303s9999 xx 000 0 und d | ||
| 040 | _cARRUPELIB | ||
| 050 | _aB5375.O36 2001 | ||
| 100 | _aOguejiofor, Josephat Obi | ||
| 245 | _aPhilosophy and the African predicament | ||
| 260 | _aIbadan, Nigeria | ||
| 260 | _bHope Publications | ||
| 260 | _C2001 | ||
| 300 | _a162p. | ||
| 300 | _b 22cm. | ||
| 650 | _bPhilosophy-Addresses, essays, lectures | ||
| 942 |
_2lcc _012 |
||
| 999 |
_c61706 _d61706 |
||